عرض عادي
عرض مارك
- Shakarchi, Rami.
مدخل إسم شخص
001 - رقم الضبط
- حقل الضبط: 45918
003 - معرف رقم الضبط
- حقل الضبط: OSt
005 - تاريخ ووقت أخر عملية
- حقل الضبط: 20140707132553.0
008 - عناصر بيانات ثابتة الطول
- حقل تحكم ثابت الطول: 140707|||a|||||| | ||| d
040 ## - مصدر الفهرسة
- هيئة الفهرسة الأصلية: OSt
- وكالة الكتابة: OSt
100 ## - مدخل -- أسم شخص
- إسم شخص: Shakarchi, Rami.
670 ## - بيانات المصدر موجوده
- الاستشهاد بالمصدر: Work cat.: (OSt)0: Stein, Elias M., 1931- 45916, Functional analysis :, c2011.
